All Governors of Indiana - Statistics

General Stats
  • This quiz has been taken 5 times
  • The average score is 25 of 52
Answer Stats
Years Served Party Governor % Correct
2013 - 2017 Republican Mike Pence
100%
2025 - present Republican Mike Braun
75%
1881 - 1885 Republican Albert G. Porter
50%
1889 - 1891 Republican Alvin Peterson Hovey
50%
1857 - 1860 Democrat Ashbel P. Willard
50%
1893 - 1897 Democrat Claude Matthews
50%
1837 - 1840 Whig David Wallace
50%
1925 - 1929 Republican Edward L. Jackson
50%
2017 - 2025 Republican Eric Holcomb
50%
1989 -1997 Democrat Evan Bayh
50%
1905 - 1909 Republican Frank Hanly
50%
1997 - 2003 Democrat Frank O'Bannon
50%
1953 - 1957 Republican George N. Craig
50%
1957 - 1961 Republican Harold W. Handley
50%
1929 - 1933 Republican Harry G. Leslie
50%
1941 - 1945 Democrat Henry F. Schricker
50%
1949 - 1953 Democrat Henry F. Schricker
50%
1891 - 1893 Republican Ira Joy Chase
50%
1880 - 1881 Democrat Isaac P Gray
50%
1885 - 1889 Democrat Isaac P. Gray
50%
1897 - 1901 Republican James A. Mount
50%
1825 - 1831 Democratic Republican James B. Ray
50%
1877 - 1880 Democrat James D. Williams
50%
1917 - 1921 Republican James P. Goodrich
50%
2003 - 2005 Democrat Joe Kernan
50%
1816 - 1822 Democratic Republican Jonathan Jennings
50%
1849 - 1857 Democrat Joseph A. Wright
50%
1961 - 1965 Democrat Matthew E. Welsh
50%
1937 - 1941 Democrat M. Clifford Townsend
50%
2005 - 2013 Republican Mitch Daniels
50%
1831 - 1837 National Republican, Whig Noah Noble
50%
1933 - 1937 Democrat Paul V. McNutt
50%
1945 - 1949 Republican Ralph F. Gates
50%
1822 Democratic Republican Ratliff Boon
50%
1981 - 1989 Republican Robert D. Orr
50%
1965 - 1969 Democrat Roger D. Branigin
50%
1840 - 1843 Whig Samuel Bigger
50%
1913 - 1917 Democrat Samuel M. Ralston
50%
1873 - 1877 Democrat Thomas A. Hendricks
50%
1909 - 1913 Democrat Thomas R. Marshall
50%
1921 - 1924 Republican Warren T. McCray
50%
1822 - 1825 Democratic Republican William Hendricks
50%
1901 - 1905 Republican Winfield T. Durbin
50%
1860 - 1861 Democrat Abram A. Hammond
25%
1867 - 1873 Republican Conrad Baker
25%
1969 - 1973 Republican Edgar Whitcomb
25%
1924 - 1925 Republican Emmett Forest Branch
25%
1861 Republican Henry S. Lane
25%
1843 - 1848 Democrat James Whitcomb
25%
1861 - 1867 Republican Oliver P. Morton
25%
1973 - 1981 Republican Otis Bowen
25%
1848 - 1849 Democrat Paris C. Dunning
25%
No matching quizzes found
Score Distribution
Percent of People with Each Score
Percentile by Number Answered
Your Score History
You have not taken this quiz